000 00559nam a2200205 a 4500
001 13415
003 CO-ViMGA
008 141112s2004 ck r 000 u spa d
020 _a9580414939
040 _aCO-ViMGA
_bspa
_cCO-ViMGA
082 0 4 _aDEPa
100 1 _aDe Paola, Tomie
_919585
245 1 0 _aLa abuelita de arriba y la abuelita de abajo
260 _aBogotá :
_bNorma,
_c1999
300 _a29 : ils
490 _aBuenas noches
650 1 4 _aABUELAS - CUENTOS INFANTILES
_919586
650 1 4 _aCUENTOS INFANTILES INGLESES
_915884
942 _2ddc
_cBK
999 _c24147
_d24147